000
00324nam a2200121Ia 4500
008
220204s9999 xx 000 0 und d
082
_a
632.9:001.814
_b
ADV. 6
245
0
_a
Advances in pest control research. V 6.
260
_a
New York
_b
Wiley
_c
1965
650
_a
Pest control
650
_a
Plant chemotheraphy
942
_c
BK
999
_c
21284
_d
21284